DESIGN STEEL STRUCTURES (Record no. 9734)

MARC details
000 -LEADER
fixed length control field 00439nam a22001577a 4500
003 - CONTROL NUMBER IDENTIFIER
control field SGT
020 ## - INTERNATIONAL STANDARD BOOK NUMBER
International Standard Book Number 9789350145715
082 ## - DEWEY DECIMAL CLASSIFICATION NUMBER
Classification number 624.1821,CHA
100 ## - MAIN ENTRY--PERSONAL NAME
Personal name CHANDAK, N.R.
245 ## - TITLE STATEMENT
Title DESIGN STEEL STRUCTURES
260 ## - PUBLICATION, DISTRIBUTION, ETC. (IMPRINT)
Place of publication, distribution, etc NEW DELHI
Name of publisher, distributor, etc S. K. KATARIA & SONS
Year of Publication 2015
300 ## - PAGE DESCRIPTION
No. of Pages 455
650 ## - SUBJECT ADDED ENTRY--TOPICAL TERM
Topical term or geographic name as entry element CIVIL ENGINEERING
653 ## - KEYWORDS--INDEX TERM
Keyword term SIMPLE CONNECTIONS RIVETED, BOLTED AND PINNED CONNECTIONS,WELDING AND WELDED CONNECTIONS
942 ## - ADDED ENTRY ELEMENTS (KOHA)
Source of classification or shelving scheme Dewey Decimal Classification
Koha item type Books
Holdings
Withdrawn status Lost status Source of classification or shelving scheme Damaged status Not for loan Collection code Home library Current library Shelving location Date acquired Cost, normal purchase price SGTU Total Checkouts Total Renewals Full call number Accession No. (Barcode) Date last seen Date last borrowed Bill Date Koha item type
    Dewey Decimal Classification     ENGINEERING SGT Engineering Library SGT Engineering Library Text Book 01/08/2016 295.00 SGTU 7 1 624.1821,CHA FE6683 28/09/2019 09/09/2019 01/08/2016 Books